Jugadores Portugal #2 - Estadísticas

Estadísticas generales
  • Esta prueba ha sido intentada 32 veces
  • La puntuación promedio es 14 de 20
Estadísticas de respuestas
Imagen Respuesta % Correcto
Gonçalo Ramos
93%
Matheus Nunes
93%
Joao Mario
89%
Pedro Neto
89%
William Carvalho
89%
Andre Silva
86%
Thierry Correia
82%
Rui Silva
79%
Danilo Pereira
75%
Ricardo Horta
75%
Florentino
71%
Gonçalo Inacio
71%
Francisco Conceiçao
64%
Otavio
64%
Rafa
64%
Gelson Martins
61%
Pedro Gonçalves
57%
Bruma
54%
Gedson Fernandes
39%
Nuno Santos
32%
No se encontraron pruebas coincidentes
Distribución de puntuación
Porcentaje de gente con cada puntuación
Porcentaje por número respondido
Historial de tus puntuaciones
No has intentado esta prueba.